Malá encyklopédia poistenia a poisťovníctva s cudzojazyčnými ekvivalentmi

Salvato in:
Dettagli Bibliografici
Autori principali: Chovan, Pavel (Autore), Čejková, Viktória (Autore)
Natura: Libro
Lingua:slovacco
Pubblicazione: Bratislava : Elita, 1995
Edizione:1. vyd.
Soggetti:
Accesso online:OBSAH
Tags: Aggiungi Tag
Nessun Tag, puoi essere il primo ad aggiungerne!!

MARC

LEADER 00000nam a22000003a 4500
001 stu73239
005 20150617225649.0
008 020116s1995----xo------------------slo-d
020 |a 80-85323-84-2 
040 |a STU  |b slo 
041 0 |a slo 
044 |a xo 
080 |a 368(031) 
100 1 |a Chovan, Pavel  |4 aut 
245 1 |a Malá encyklopédia poistenia a poisťovníctva s cudzojazyčnými ekvivalentmi 
250 |a 1. vyd. 
260 |a Bratislava :  |b Elita,  |c 1995 
300 |a 347 s 
650 7 |a poisťovníctvo  |2 stusub 
700 1 |a Čejková, Viktória  |4 aut 
856 4 |a https://sweb.mtf.stuba.sk/obsahy/mala_encyklopedia_poistenia_a_poitovnictva_95.pdf  |u https://sweb.mtf.stuba.sk/obsahy/mala_encyklopedia_poistenia_a_poitovnictva_95.pdf  |3 OBSAH 
996 |b 284M034259  |c M*10138-1  |l MMST  |s A  |a 24  |w stu73239_0001